|
|
|
|
| LEADER |
01077nam a22002897a 4500 |
| 001 |
33852 |
| 003 |
BD-DhAAL |
| 005 |
20211121161741.0 |
| 008 |
181018t2017 enk||||| |||| 00| 1 eng d |
| 999 |
|
|
|c 40054
|d 40054
|
| 020 |
|
|
|a 9781786691378
|
| 040 |
|
|
|a BD-DhAAL
|
| 082 |
|
|
|2 23
|a 813.6
|
| 100 |
|
|
|a Lee, Min Jin
|9 28466
|
| 245 |
|
|
|a Pachinko /
|c Min Jin Lee
|
| 260 |
|
|
|a London :
|b Apollo,
|c 2017.
|
| 300 |
|
|
|a 537 pages ;
|c 20 cm.
|
| 500 |
|
|
|a Fiction
|
| 520 |
|
|
|a A victorian epic transplanted to Japan, following a Korean family of immigrants through eight decades and four generations.
|
| 526 |
|
|
|a ENH
|
| 541 |
|
|
|a Karim International
|e 33852
|
| 650 |
|
|
|a Families
|z Korea
|x Fiction
|9 28467
|
| 650 |
|
|
|a English literature.
|9 42964
|
| 651 |
|
|
|a Koreans
|z Japan
|v Fiction.
|9 28468
|
| 852 |
|
|
|a Ayesha Abed Library
|c General Stacks
|
| 942 |
|
|
|2 ddc
|c BK
|
| 952 |
|
|
|0 0
|1 0
|2 ddc
|4 0
|6 813_600000000000000_LEE
|7 0
|9 64457
|a BRACUL
|b BRACUL
|c GEN
|d 2018-10-15
|e Karim International
|g 1224.00
|l 21
|m 124
|o 813.6 LEE
|p 3010033852
|q 2026-06-02
|r 2026-04-12
|s 2026-04-12
|t 1
|v 1224.00
|w 2018-10-15
|y BK
|